000 00655cam a2200229 a 4500
001 12554417
005 20180310041812.0
008 011003s2003 maua 001 0 eng
010 _a 2001053824
020 _a0201746328 (SE : pbk.)
020 _a0321613694
040 _aDLC
_cDLC
_dDLC
041 _aeng
080 _a512.9
082 0 0 _a512.9 BIT
_221
100 1 _a36
101 _aMAT
245 1 0 _aIntermediate algebra /
_cMarvin L. Bittinger.
906 _a7
_bcbc
_corignew
_d1
_eocip
_f20
_gy-gencatlg
942 _2ddc
_cBK
999 _c44657
_d44657